| 000 | 00942cam a22002054a 4500 | ||
|---|---|---|---|
| 005 | 20250605164119.0 | ||
| 008 | 250528s ||||||||||||||||||||||||d | ||
| 035 | _a18212 | ||
| 020 | _a1858053021 | ||
| 040 |
_aGR-AtMCL _bgre _dGR-AtMCL _eAACR2 |
||
| 245 | 1 | _aOperating Systems / Incorporating UNIX & Windows | |
| 250 | _a3rd | ||
| 260 |
_bLetts Educational, _c1997 |
||
| 300 | _a282 | ||
| 520 | _aThis book provides the practical course text to the Operating Systems element required by the majority of degree and HND course in Computing. Preface, Background, Basics, User Interface, Process Management, Memory Management 1,Memory Management 2, Memory Management 3, Input-Output, File Management 1, File Management 2, Concurrent Processes 1, Concurrent Processes 2, Networks and Distributed Systems, Security, Web References, Bibliography, Index. | ||
| 700 | 1 |
_aRitchie C _94499 |
|
| 942 | _cBK | ||
| 999 |
_c3589 _d3589 |
||